00626nam a22001697a 450000500170000001000150001702000260003203500130005803700130007110000200008424501090010426000450021327000640025830000240032249000600034650000500040620140623150411.0 aENG-110343 a9780198096177c795.00 aEN-93875 bDBAD/PUB aMukherji, Rahul aGlobalization and deregulation:cby Rahul Mukherjibideas, interests, and institutional change in India/ aNew DelhibOxford University Pressc2014 aYMCA Library Building, 1 Jai Singh Road bNew Delhie110001 axvi,227p.c23cm(Hb) aThe oxford international relations in south Asia series aIncludes bibliographical references and index